Linear programming and network flows
Guardat en:
| Autors principals: | , , |
|---|---|
| Format: | Llibre |
| Idioma: | anglès |
| Publicat: |
Nueva York
John Wiley
1990
|
| Edició: | 2a. ed |
| Matèries: | |
| Etiquetes: |
Afegir etiqueta
Sense etiquetes, Sigues el primer a etiquetar aquest registre!
|
MARC
| LEADER | 00000nam a2200000 a 4500 | ||
|---|---|---|---|
| 001 | UCX9923 | ||
| 003 | CL-VaPUC | ||
| 008 | 940704e19900000US |||||||||||||||||eng|d | ||
| 020 | |a 0471636819 | ||
| 082 | 0 | 4 | |a 519.72 |b BAZ |2 21 |
| 100 | 0 | |a Bazaraa, Mokhtar S |e author |9 327452 | |
| 700 | 0 | |a Jarvis, John J |e author |9 327453 | |
| 700 | 0 | |a Sherali, Hanif D |e author |9 327454 | |
| 245 | 1 | 0 | |a Linear programming and network flows |
| 250 | |a 2a. ed | ||
| 300 | |a 684 p | ||
| 942 | |c BK | ||
| 945 | |d 19940704 00:00:00 |a mfernand | ||
| 260 | |a Nueva York |b John Wiley |c 1990 | ||
| 650 | 0 | |a Programación lineal |9 23 | |
| 650 | 0 | |a Análisis de redes de planificación |9 262526 | |
| 583 | |a last modification |c 19940704 00:00:00 |k Rodrigo Vera | ||
| 999 | |c 229040 |d 229038 | ||
| 952 | |0 0 |1 0 |4 0 |6 519_720000000000000_BAZ_1990 |7 0 |8 A |9 229579 |a BIBMAT |b BIBMAT |d 2019-11-15 |i 3470989 |o 519.72 BAZ 1990 |p 3470989 |r 2025-01-07 |w 2019-11-15 |y BK |k MAT | ||
| 952 | |0 0 |1 0 |4 0 |6 519_720000000000000_BAZ_1990 |7 0 |8 A |9 229580 |a BIBING |b BIBING |d 2019-11-15 |i 2992485 |o 519.72 BAZ 1990 |p 2992485 |r 2025-01-20 |w 2019-11-15 |y BK |k EII | ||